[Event "28th Czech Open E 2018"]
[Site "Pardubice CZE"]
[Date "2018.07.15"]
[Round "7.1"]
[White "Szotkowski, Jakub"]
[Black "Natsidis, Christoph"]
[Result "1/2-1/2"]
[BlackTitle "FM"]
[WhiteElo "2335"]
[BlackElo "2348"]
[WhiteTeam "TJ SLAVOJ CESKY TESIN (MCR)"]
[BlackTeam "SCHACHGEMEINSCHAFT LEIPZIG"]
[WhiteFideId "330590"]
[BlackFideId "24601179"]
[EventDate "2018.07.12"]
[EventType "team"]

1. d4 Nf6 2. c4 c5 3. d5 b5 4. a4 Qa5+ 5. Bd2 b4 6. g3 Bb7 7. Bg2 e5 8. e4 d6 9.
Ne2 g6 10. O-O Bg7 11. Na3 Qd8 12. Nc2 O-O 13. Ne3 Nbd7 14. Qc2 h5 15. Rae1 Qc7
16. b3 Rae8 17. Bc1 Ng4 18. Nxg4 hxg4 19. f4 gxf3 20. Rxf3 Nf6 21. Ref1 Nh7 22.
Bh3 Qe7 23. R3f2 Qd8 24. Kg2 Bc8 25. Bxc8 Qxc8 26. h3 Re7 27. Ng1 Rb7 28. Nf3
Re8 29. Nh2 Rf8 30. Ng4 f6 31. Nh2 Rff7 32. Nf3 Nf8 33. Nh4 Bh8 34. Bh6 Bg7 35.
Qd2 Qd8 36. Be3 Qc8 37. Rf3 Qd8 38. g4 f5 39. Bg5 1/2-1/2

[Event "28th Czech Open E 2018"]
[Site "Pardubice CZE"]
[Date "2018.07.15"]
[Round "7.2"]
[White "Roesemann, Rainer"]
[Black "Miturova, Magdalena"]
[Result "1-0"]
[WhiteTitle "FM"]
[BlackTitle "WIM"]
[WhiteElo "2268"]
[BlackElo "2217"]
[WhiteTeam "SCHACHGEMEINSCHAFT LEIPZIG"]
[BlackTeam "TJ SLAVOJ CESKY TESIN (MCR)"]
[WhiteFideId "4610296"]
[BlackFideId "330221"]
[EventDate "2018.07.12"]
[EventType "team"]

1. d4 Nf6 2. Bf4 e6 3. e3 b6 4. Nf3 Bb7 5. Nbd2 c5 6. Nc4 d5 7. Nce5 h6 8. Bb5+
Ke7 9. Nh4 Rg8 10. Bg3 a6 11. Be2 g5 12. Nhf3 Ne4 13. c3 f6 14. Nd3 c4 15. Nb4
h5 16. Nd2 Nxd2 17. Qxd2 h4 18. Bxb8 Qxb8 19. h3 Kd7 20. Nc2 Qc7 21. O-O-O Bd6
22. Ne1 Bc6 23. Qc2 Kc8 24. e4 Kb7 25. exd5 exd5 26. Qf5 Qd7 27. Bg4 Qxf5 28.
Bxf5 Bf4+ 29. Kb1 Rae8 30. Nc2 Re2 31. Rhf1 Rge8 32. Bg4 R2e7 33. Bh5 Rh8 34.
Bf3 a5 35. Rfe1 Rhe8 36. Rg1 Kc7 37. b3 b5 38. Kb2 f5 39. Bh5 Rh8 40. Bf3 Rhe8
41. Ra1 Rg8 42. g3 hxg3 43. fxg3 Bd6 44. h4 g4 45. Bd1 Bd7 46. Rg2 f4 47. gxf4
Bxf4 48. Be2 g3 49. Rh1 Bf5 50. Bf3 Be4 51. Ne1 Kd6 52. h5 Bxf3 53. Nxf3 Re3 54.
Nh4 Rg5 55. Ng6 Rf3 56. Nxf4 Rxf4 57. h6 Rf8 58. h7 Rh8 59. Rh3 Kc7 60. a4 bxa4
61. bxc4 dxc4 62. Ka3 Rg7 63. Kxa4 Rhxh7 64. Rxh7 Rxh7 65. Kxa5 Kd6 66. Rxg3 Rb7
67. Rg6+ Kd5 68. Rb6 Rc7 69. Rb5+ Ke4 70. Rc5 Ra7+ 71. Kb6 1-0

[Event "28th Czech Open E 2018"]
[Site "Pardubice CZE"]
[Date "2018.07.15"]
[Round "7.3"]
[White "Kawulok, Marek"]
[Black "Nguyen, Alex Dac-Vuong"]
[Result "1-0"]
[WhiteElo "2155"]
[BlackElo "2175"]
[WhiteTeam "TJ SLAVOJ CESKY TESIN (MCR)"]
[BlackTeam "SCHACHGEMEINSCHAFT LEIPZIG"]
[WhiteFideId "337005"]
[BlackFideId "12984388"]
[EventDate "2018.07.12"]
[EventType "team"]

1. d4 Nf6 2. c4 c5 3. d5 b5 4. cxb5 a6 5. bxa6 g6 6. Nf3 Bg7 7. Nc3 O-O 8. g3 d6
9. Bg2 Nxa6 10. O-O Qb6 11. Nd2 Nc7 12. Rb1 Bf5 13. e4 Bc8 14. e5 Nfe8 15. Re1
Ba6 16. exd6 exd6 17. Nde4 f5 18. Na4 Qb4 19. Bd2 Be2 20. Qxe2 Qxa4 21. Ng5 h6
22. Ne6 Rf7 23. Nxg7 Kxg7 24. Qe3 f4 25. Qc3+ Kh7 26. Bxf4 Nb5 27. Qd2 g5 28.
Be4+ Kg7 29. Bxg5 hxg5 30. Qxg5+ Kf8 31. Bg6 Rg7 32. Rxe8+ Rxe8 33. Qf6+ Kg8 34.
Bxe8 Qe4 35. Qe6+ Qxe6 36. dxe6 Nd4 37. Bf7+ Kf8 38. Kg2 Ke7 39. Rd1 Nxe6 40.
Bxe6 Kxe6 41. f4 Ra7 42. a3 Rb7 43. Rd2 d5 44. Kf3 Rb3+ 45. Kg4 d4 46. f5+ Kf6
47. Kf4 Re3 48. b4 Re5 49. g4 Rd5 50. bxc5 Rxc5 51. Rxd4 Rc3 52. Rd6+ Ke7 53.
Ra6 Rh3 54. Kg5 Rxh2 55. Kg6 Rg2 56. g5 Rg3 57. f6+ 1-0

[Event "28th Czech Open E 2018"]
[Site "Pardubice CZE"]
[Date "2018.07.15"]
[Round "7.4"]
[White "Liedtke, Matthias"]
[Black "Gibiec, Ernest"]
[Result "0-1"]
[WhiteTitle "FM"]
[WhiteElo "2282"]
[BlackElo "2175"]
[WhiteTeam "SCHACHGEMEINSCHAFT LEIPZIG"]
[BlackTeam "TJ SLAVOJ CESKY TESIN (MCR)"]
[WhiteFideId "4616758"]
[BlackFideId "301140"]
[EventDate "2018.07.12"]
[EventType "team"]

1. e4 d6 2. d4 Nf6 3. Bd3 Nc6 4. c3 g6 5. Nf3 Bg7 6. O-O O-O 7. d5 Ne5 8. Nxe5
dxe5 9. Re1 e6 10. c4 exd5 11. cxd5 Ne8 12. Nc3 f5 13. Be3 f4 14. Bc5 Nd6 15. f3
Rf7 16. Rc1 Bf8 17. Bf2 g5 18. Nb5 Nxb5 19. Bxb5 Bd6 20. Bc5 h5 21. Be2 Qf6 22.
Rc3 Rg7 23. Bxd6 cxd6 24. Qc2 Bd7 25. Rc7 g4 26. Rxb7 Qh4 27. Rc1 Kh8 28. Qc7
Rag8 29. Rb8 g3 30. Rxg8+ Kxg8 31. h3 Bxh3 32. Qxd6 Bg4 33. Bd1 Qh2+ 34. Kf1
Qh1+ 35. Ke2 Qxg2+ 36. Kd3 Qf1+ 37. Kc2 Bd7 38. Qb8+ Kh7 39. Qxe5 g2 40. Kb1 Qh1 0-1